History Quiz

Random History or Popular Quiz

Least Remembered Presidents Quiz Stats

 Plays Quiz not verified by Sporcle

Score 0/10 Timer 02:00
0 Plays Today
% Guessed President % Correct
60.6Franklin Pierce
79.8%
68.1Zachary Taylor
79.4%
61.8Millard Fillmore
79.2%
62.1James Buchanan
79.1%
67.2Martin Van Buren
77.8%
58.6Chester A. Arthur
76.2%
57.3Rutherford B. Hayes
73.7%
68.7James A. Garfield
73.7%
60.1Warren G. Harding
70.2%
68.8William McKinley
68.5%

You're not logged in!

Compare scores with friends on all Sporcle quizzes.
OR
Log In

Show Comments

Extras

Top Quizzes Today


Score Distribution

Your Account Isn't Verified!

In order to create a playlist on Sporcle, you need to verify the email address you used during registration. Go to your Sporcle Settings to finish the process.

Report this User

Report this user for behavior that violates our Community Guidelines.

Details: